000 00385 a2200169 4500
001 192240
020 _a978-85-10-05803-2
040 _cMagnum
100 _aTardelli, Camila
240 1 0 _aMoiara, filha da terra
_lpor
245 1 0 _aMoiara, filha da terra
300 _a45
362 0 _a2015
440 1 _aEditora do Brasil
697 _aLITERATURA INFANTO-JUVENIL
942 _cBK
999 _c192240
_d192240